Bistatic HF Radar (Record no. 28327)

MARC details
000 -LEADER
fixed length control field 00953nam a2200121Ia 4500
008 - FIXED-LENGTH DATA ELEMENTS--GENERAL INFORMATION
fixed length control field 220620s9999||||xx |||||||||||||| ||und||
245 #0 - TITLE STATEMENT
Title Bistatic HF Radar
546 ## - LANGUAGE NOTE
Language note English[eng]
650 ## - SUBJECT ADDED ENTRY--TOPICAL TERM
Topical term or geographic name entry element bistatic HF radar||radar cross section (RCS)||sea clutter||shore-to-air bistatic HF radar||scattering coefficient||Doppler spectra||cyclic cross ambiguity function||data fusion||GPS||multiple satellites collaboration||passive detection||HFSWR||target tracking||interacting multiple model||extended Kalman filter||track association||extreme learning machine||HF radar||remote sensing||inversion||radar cross section||bistatic radar||directional wave spectrum||bistatic HFSWR||shipborne HFSWR||first-order sea clutter||experiment verification||electromagnetic scattering||radio oceanography||OTH radar||compact HFSWR||bistatic configuration||target detection
700 ## - ADDED ENTRY--PERSONAL NAME
Personal name Anderson, Stuart
856 ## - ELECTRONIC LOCATION AND ACCESS
Uniform Resource Identifier <a href="https://mdpi.com/books/pdfview/book/2967">https://mdpi.com/books/pdfview/book/2967</a>
942 ## - ADDED ENTRY ELEMENTS (KOHA)
Koha item type E-Books
Holdings
Withdrawn status Lost status Damaged status Not for loan Home library Current library Date acquired Total Checkouts Date last seen Price effective from Koha item type
        Kerala University of Digital Sciences, Innovation and Technology Knowledge Centre Kerala University of Digital Sciences, Innovation and Technology Knowledge Centre 20/06/2022   20/06/2022 20/06/2022 E-Books